000 01082nam a22002897a 4500
003 DO-SdBNP
005 20260120073951.0
007 ta
008 221010b2022 dr ||||| |||| 00| 0 spa d
020 _a9789993496977
040 _aDO-SdBNP
_bspa
_cBNPHU
082 4 _a248.4
_bM857e
_222
100 1 _aMorillo, Betzaida,
_d1985-
_982513
245 1 0 _aEscudriñando el corazón de una mujer íntegra :
_bdescubre la esencia que hay en ti /
_cBezaida Morillo ; prólogo Aquiles Julián Valeyrom ; corrección Mary Frías, Juan Freddy Armando
260 _aSanto Domingo :
_bMente,
_c2022.
300 _a149 p. ;
_c22 cm.
500 _aIncluye datos biográficos de la autora en las solapas
590 _aInventariado, 2022/MFF
650 0 _aVida cristiana
_9668
650 0 _aVida espiritual
_9268
650 4 _aMujeres en el cristianismo
_913248
700 1 _aValeyrom, Aquiles Julián
_epról.
_982514
700 1 _aFrías Sosa, Mary,
_ecorr.
_982515
700 1 _aArmando, Juan Freddy,
_ecorr.
_924389
910 _aBtavárez/Validado. Control de calidad MFF
942 _2ddc
_cLBS1
999 _c52547
_d52547